Normal view
MARC view
Entry Personal Name
001 - CONTROL NUMBER
- control field: 10617
003 - CONTROL NUMBER IDENTIFIER
- control field: BD-RjUL
005 - DATE AND TIME OF LATEST TRANSACTION
- control field: 20231220101933.0
008 - FIXED-LENGTH DATA ELEMENTS
- fixed length control field: 231220|| aca||aabn | a|a d
040 ## - CATALOGING SOURCE
- Original cataloging agency: BD-RjUL
- Transcribing agency: BD-RjUL
100 ## - HEADING--PERSONAL NAME
- Personal name: Shoheli, Shahina
670 ## - SOURCE DATA FOUND
- Source citation: Work cat.: (BD-RjUL)82503: Shoheli, Shahina, Adhesion Stregth of Biofilm Developed by Streptococcus Mutans Rajshahi Region /, 2017